000 00581nab a2200205 a 4500
001 16907
003 37798
005 20201118095551.0
008 ||||||n9999 ||| || ||
100 _aLeano Concha, Carlos Ernesto
245 0 _aLa agroindustria de alimentos balanceados requiere de reglas claras en el esquema de integracisn
300 _app. 37-45
562 _e0
650 _aAGROINDUSTRIA
650 _aINDUSTRIA DE ALIMENTOS
650 _aLIBRE COMERCIO
650 _aRELACIONES BILATERALES
773 _0124932
_aRevista ANDI - No.117
942 _cSART
999 _c16907
_d16907